000 00986nam a2200265Ia 4500
008 130821s2007 enkab gr eng
020 _a9780521682978
020 _a9780521864381
040 _aCo-BoUCM
_bspa
041 0 0 _aeng
100 1 _aIliffe, John
_9159351
245 1 0 _aAfricans the history of a continent
_cJohn Iliffe.
250 _a2nd ed.
260 _aCambridge (Inglaterra)
_bCambridge University Press
_c2007
300 _axiii, 365 páginas
_bmapas
490 0 _aAfrican Studies
_v108
504 _aIncluye referencias bibliográficas e índice.
650 0 4 _aHistoria de África
_926505
651 4 _aÁfrica
_xCondiciones socioeconómicas
_9159352
651 4 _aÁfrica
_xHistoria
_962883
651 4 _aÁfrica
_xPolítica y gobierno
_962806
856 4 _zConsulte las tablas de contenido haciendo clic aquí
_uhttp://www.loc.gov/catdir/enhancements/fy0615/2006101721-t.html
942 _cLIBRO
_a21
_e2
_mI28a
_2DEWEY
_h960
999 _c37245
_d37245